Diagnostic Considerations in Pulsatile Tinnitus

Bibliographic Details
Main Authors: Stevens, Michael H. (Author), Harnsberger, H. Ric (Author)
Format: Article
Language:English
Subjects:

MARC

LEADER 00000nab a2200000 a 4500
001 vtls000451073
003 SK-MaSNL
005 20260318124847.0
008 230207c1992 xo 0 eng
015 |a SNBRB19rr/mm-uuuuu 
035 |a CL0451204 
035 |a urn:nbn:sk:snk-abaq5 
035 |a (urnnbn)urn:nbn:sk:snk:ar-a0599d 
035 |a (uuid)7db27abe-ee40-4813-8766-6b6f792d9b8e 
040 |a SNKBUCL  |b slo  |c SNKBUCL  |e AACR2 
041 0 |a eng 
044 |a xo  |c SK 
080 |a 616.28-008  |2 1981 
100 1 |a Stevens, Michael H.  |4 aut  |9 1295531 
245 1 0 |a Diagnostic Considerations in Pulsatile Tinnitus  |c Michael H. Stevens, H. Ric Harnsberger 
300 |b Obr. 9., lit. 4 zázn. v angl. 
650 0 7 |a uši  |2 snkbucl  |9 73067 
650 0 7 |a šelest ušný pulzatívny  |2 snkbucl  |9 1295532 
650 0 7 |a timitus aurium  |2 snkbucl  |9 1295533 
655 7 |a články z novín a časopisov  |2 snkbucl  |9 267496 
700 1 |a Harnsberger, H. Ric  |4 aut  |9 1295534 
773 0 |t Choroby hlavy a krku  |g Roč. 1, č. 1 (1992), s. 27-30 
850 |a Slovenská národná knižnica v Martine  |a MTA001 
852 |a SNK  |b KIS3GCP 
954 |a odborná, vedecká literatúra cudzojazyčná (svetová)  |2 lita 
958 |a RK 
958 |a MI 
958 |a OND 
958 |a EUIPO 
958 |a article27 
992 |a RBX 
999 |c 2587621  |d 2589551